000 01322nam a22002417a 4500
003 MN-UlNLM
005 20220628120128.0
008 170419t2013 mp ||||| |||| 00| 0 mon d
040 _aМонгол Улсын Үндэсний номын сан
084 _2NNA
_a84(0)
_bУ 609
_q84
110 _aТоп Инфо Ти Ви
245 1 _aУхаарахуй
_bСургамжит өгүүллэгүүд
_cОрч. Т.Ундармаа, Л.Мөнхжаргал
_cХян. С.Уранчимэг
250 _a2
260 1 _aУБ
_bУлаанбаатар принт.
_c2013
300 _a97х
_bЗур
490 _v№ 2
546 _aMongolia
653 _aУран зохиол
740 _aЭнд хаалга хаагдахад тэнд цонх онгойж байдаг.
_aШалгуур.
_aХамгийн сайхан найздаа.
_aГурван давхар шүүлтүүр.
_aБурханы асуух асуулт.
_aХүү минь чи ээждээ ямар ч өргүй.
_aНөхөрлөл.
_aАав хүү хоёр.
_aСалхи үлээх үед.
_aТүүнд даалга.
_aМаргаан.
_aХарандаа.
_aУчир нь би чамд хайртай.
_aХувь тавилан.
_aАгуу хайр.
_aСарнайн бут.
_aГэсэн ч чи хий.
856 _aprintbook
942 _cBK
999 _c77428
_d77485